[Event "CRI-ch (Women)"]
[Site "San Jose"]
[Date "2024.02.03"]
[Round "1"]
[White "Campos Munoz, Valentina"]
[Black "Badilla Fallas, Karol"]
[Result "1-0"]
[WhiteElo "1359"]
[BlackElo "1311"]
[PlyCount "75"]
[EventDate "2024.02.03"]
[EventType "swiss"]
[EventRounds "9"]
[EventCountry "CRI"]
[SourceTitle "CB08_2024"]
[SourceDate "2024.02.21"]
[SourceVersion "1"]
[SourceVersionDate "2024.02.21"]
[SourceQuality "1"]

1. e4 c5 2. Nc3 Nc6 3. f4 e6 4. Nf3 Nge7 5. Bb5 d5 6. exd5 exd5 7. Qe2 Bg4 8. Bxc6+ bxc6 9. 0-0 Qd6 10. d3 g6 11. Qe5 Qxe5 12. Nxe5 Bf5 13. Re1 Rc8 14. Na4 f6 15. Nf3 c4 16. Nd4 Bd7 17. dxc4 c5 18. Nb5 Bxb5 19. cxb5 Kf7 20. b3 Nf5 21. Bb2 Bd6 22. g3 Rhe8 23. Kf2 Nd4 24. Bxd4 cxd4 25. Rxe8 Kxe8 26. Re1+ Kf7 27. Re2 Rb8 28. Rd2 Rc8 29. Ke2 Re8+ 30. Kd3 g5 31. fxg5 Be5 32. Re2 fxg5 33. Nc5 Kf6 34. Nd7+ Kf5 35. Nxe5 Rxe5 36. Rxe5+ Kxe5 37. b4 Kd6 38. Kxd4 1-0